1517 1014 1693 1010 1529 1645 1582 1332 1251 1431 1391 1588 1015 1088 1464 1995 1633 1808 1586 1687 1879 1354 1291 1198 1143 1487 1836 1355 1951 1399 1695 1395 1403 1654 1020 1103 1673 1359 1143 1507 1187 1822 1067 1875 1620 1432 1669 1642 1029 1060 1637 1949 1622 1274 1866 1052 1775 1076 1050 1861 1225 1984 1120 1966 1922 1199 1190 1869 1456 1578 1925 1375 1503 1543 1402 1222 1697 1521 1833 1967 1513 1313 1314 1516 1325 1092 1724 1950 1919 1781 1897 1949 1209 1411 1957 1796 1543 1172 1290 BCNSPRNW ULIB Ver.6.0+V

เปลี่ยนเป็นภาษาไทย

Change to English
 แสดงรายละเอียดบรรณานุกรม
  กลับหน้าหลัก

Brief Record : Get Marc (ISO 2709) : E-mail record : QR code < ปิดหน้าต่าง
LEADER : 00000nam 2200000uu 4500
001    13399112631
003     ULIB
008    110829s2550||||th 000 0 tha d
020    9742991006
020    9789742991005
050  4 HV1593^bอ976ด 2550
100 0  โอปอล์ ประภาวดี
245 10 ดาวบางดวง :^bเรื่องราวสุข-สกาว พราวพร่างจากร่างกายและหัวใจของชีวิตที่โยงใยอยู่กับความพิการ /^cโอปอล์ ประภาวดี
250    พิมพ์ครั้งที่ 1
260    นนทบุรี :^bแผนงานสร้างเสริมสุขภาพคนพิการในสังคมไทย,^c2550
300    196 หน้า :^bภาพประกอบสี ;^c21 ซม.
440  0 สารคดีชุดประสบการณ์ชีวิตคนพิการ ;^vลำดับที่ 4
650  4 คนพิการ^vรวมเรื่อง
653    Open Your Eyes Project
945    ^p170^l0^i020699
995    ทศพร
999 ^a ทศพร
รายการนี้ยังไม่มีแท็ก
คุณยังไม่ได้ล็อกอิน คุณสามารถมีกิจกรรมร่วมกับเว็บไซต์ได้ แต่ต้องล็อกอินก่อน ::
  ล็อกอิน

รายการสื่อสารสนเทศ

ลำดับที่ ประเภท เลขเรียก/บาร์โค้ด สถานที่ สถานะ
- ไม่พบข้อมูล -

รายการใกล้เคียง
    ผู้แต่ง [โอปอล์ ประภาวดี]

BibComment


ยังไม่เคยถูกคอมเมนท์

คอมเมนท์ทรัพยากรรายการนี้
  คอมเมนท์: ดาวบางดวง เรื่อง..


 Copyright 2026. Bcnsprnw @Library